Domestic Price Dollarization in Emerging Economies

Dolarizácia cien na maloobchodných trhoch v rozvíjajúcich sa ekonomikách. Vytvorenie modelu optimálneho výberu meny firmy v inflačných ekonomikách. Prognózovanie optimálnosti cien dolára a ich testovanie pomocou údajov z najväčšej platformy elektronického obchodu v Latinskej Amerike.

Na minha lista:
Detalhes bibliográficos
Autor principal: Drenik, Andrés
Outros Autores: Perez, Diego J.
Formato: Capítulo de Livro
Idioma:inglês
Assuntos:
Tags: Adicionar Tag
Sem tags, seja o primeiro a adicionar uma tag!

MARC

LEADER 00000naa a2200000 4500
001 0279255
005 20211025081236.0
041 0 |a eng 
044 |a NL 
245 1 0 |a Domestic Price Dollarization in Emerging Economies  |c Andrés Drenik, Diego J. Perez 
520 |a Dolarizácia cien na maloobchodných trhoch v rozvíjajúcich sa ekonomikách. Vytvorenie modelu optimálneho výberu meny firmy v inflačných ekonomikách. Prognózovanie optimálnosti cien dolára a ich testovanie pomocou údajov z najväčšej platformy elektronického obchodu v Latinskej Amerike. 
610 2 0 |a dolarizácia 
610 2 0 |a ceny 
610 2 0 |a krajiny rozvojové 
610 2 0 |a mena 
610 2 0 |a maloobchod 
100 1 |a Drenik, Andrés 
700 1 |a Perez, Diego J.